| 000 | 00490nam a2200145Ia 4500 | ||
|---|---|---|---|
| 008 | 230917s9999||||xx |||||||||||||| ||und|| | ||
| 040 |
_e98584 _aMAIN |
||
| 041 | _aEnglish | ||
| 082 | _a668.423 I2T | ||
| 100 | _aIndia, Ministry of Science and Technology, Department of sci | ||
| 245 | 0 | _aTechnology in indian agrylic fibre industry: a status report prepared under the national register of foreign collaborat | |
| 260 |
_aNew Delhi _bGovt of India _c1990 |
||
| 300 | _a146 p. | ||
| 942 | _cBK | ||
| 999 |
_c82114 _d82114 |
||